| 000 | 00000nam##2200000za#4500 |
| 001 | 9.680849 |
| 003 | CaOODSP |
| 005 | 20200330065049 |
| 007 | ta |
| 008 | 150407|1999||||xxc||||| f|0| 0 fre|d |
| 020 | |a0-662-83908-0 |
| 040 | |aCaOODSP|bfre |
| 043 | |an-cn--- |
| 086 | 1 |aEn21-191/1999F |
| 110 | 1 |aCanada. |bEnvironnement Canada. |
| 245 | 13|aLe mercure dans l'environnement |
| 260 | |aOttawa - Ontario : |bEnvironnement Canada |c1999. |
| 563 | |aDépliant |
| 590 | |a00-15|b2000-04-14 |
| 691 | 07|aSubstance chimique|2gcpds |
| 691 | 07|aEnvironnement|2gcpds |
| 775 | 08|tMercury and the environment |w(CaOODSP)9.647428 |
| 776 | 0#|tLe mercure dans l'environnement |w(CaOODSP)9.640291 |